| 000 | 00976nam a2200265 i 4500 | ||
|---|---|---|---|
| 001 | 91789 | ||
| 003 | ES-MaACL | ||
| 005 | 20230906180820.0 | ||
| 007 | t| | ||
| 008 | 050215s2000 sp ||||1| spa d | ||
| 020 | _a84-95107-66-X | ||
| 020 | _a3-89354-573-5 | ||
| 080 | _a930.85(430:460) | ||
| 245 | 0 | 4 |
_aLas influencias de las culturas académicas alemana y española desde 1898 hasta 1936 / _cJaime de Salas, Dietrich Briesemeister (eds.). |
| 260 |
_aMadrid : _bIberoamericana ; _aFrankfur am Main : _bVervuert, _c2000. |
||
| 300 |
_a287 p. : _bil. ; _c23 cm. |
||
| 490 | 1 |
_aBibliotheca ibero-americana ; _v73 |
|
| 651 | 4 |
_aEspaña- _xCivilización- _xInfluencia alemana. _9171083 |
|
| 651 | 4 |
_aAlemania- _xCivilización- _xInfluencia española. _9171084 |
|
| 700 | 1 |
_aSalas Ortueta, Jaime de. _9101769 |
|
| 700 | 1 |
_aBriesemeister, Dietrich. _931708 |
|
| 830 | 1 |
_aBibliotheca ibero-americana ; _v73 _9184284 |
|
| 852 |
_aES-MaACL _jL-28838 |
||
| 999 |
_c91789 _d91789 |
||